000 00350nam a2200133Ia 4500
005 20260328101517.0
008 260328s9999||||xx |||||||||||||| ||und||
100 _aYoung, Lydia
245 0 _aRetratos :
_b Arquitectura y Diseño Interior en Panamá /
_cLydia Young
260 _bPanamericana
300 _a272 p.
650 _aARQUITECTOS
942 _cBK
999 _c9428
_d9428